000 00502cam a22001457a 4500
008 180718b1982 xxu||||| |||| 00| 0 eng d
082 _aB136x54 V883
100 _aVolken, Henry
245 _aLearning from the rural poor: shared experiences of the mobile orientation and training team
_cby Henry Volken, Ajoy Kumar and Sara Kaithathara
260 _aDelhi
_bIndian Social Inst.
_c1982
300 _a114p.
650 _aRural development - India
700 _aKaithathara, Sara
700 _aKumar, Ajoy
999 _c356094
_d356094